Регионална библиотека "Любен Каравелов" - Русе

Годините на Даунинг стрийт (Запис номер 6611)

MARC детайли
000 -Лидер
Контролно поле с фиксирана дължина 02346nam a2200421 c 4500
003 - Код на организацията, давaща контролен номер
Контролно поле BLK
005 - Дата и час на последна редакция
Контролно поле 20250719122545.0
008 - Елементи от данни с фиксирана дължина
fixed length control field 180412b bul|||||r ||||||| ||bul||
010 ## - Наследен системен номер
LC control number KNG00007862000
020 ## - Международен стандартен номер на книга ISBN
Международен стандартен номер на книга ISBN 954-8023-34-2
-- издат.: Слънце - на том(ч. 1)
040 ## - Източник на каталожния запис
Идентификатор на билиотеката - собственик на записа BLK
041 ## - Код за език
Код за езика на текст/звукозапис или на отделно заглавие Български
Код за езика КДБФ Български
080 ## - УДК
Текстов определител УДК Съставяне на правителство. Министър-председател
УДК код - определител по УДК 328.131
УДК определител (410)(092)(093.3)
УДК - код + определител 328.131(410)(092)(093.3)
080 ## - УДК
Текстов определител УДК Партии и движения с консервативни възгледи. Консервативни партии
УДК код - определител по УДК 329.11
УДК определител (410)(092)(093.3)
УДК - код + определител 329.11(410)(092)(093.3)
080 ## - УДК
Текстов определител УДК
УДК код - определител по УДК 929 Тачър, Маргарет
УДК определител
УДК - код + определител 929 Тачър, Маргарет
100 1# - Редна дума - Автор
Автор Тачър, Маргарет
Авторска отговорност първи автор
R(LIN) 128023
139 ## - Редно поле
Редна дума Тачър, Маргарет
Авторски знак Тач - Т 41
245 10 - Сведения за заглавието
Заглавие Годините на Даунинг стрийт
Подзаглавни данни Ч. 1 -
Редно поле (дума) Маргарет Тачър; прев. от англ. Бойка Цветанова Славчева-Драгомирецкая; предг. от Милко Димитров Петров.
Том Ч. 1
257 ## - Страна на издаване
Страна на създаване/издаване Великобритания
260 ## - Област на издателските данни
-- София
Година на издаване 1995 -
Печатница В. Търново : Абагар
300 ## - Физическа характеристика
Размери/Мащаб 20 см
380 ## - Жанр
Жанр Обществени науки
500 ## - Общи забележки
Забележка Други прев.: К. Р. Горненски, Л. Й. Колечкова, М. Н. Гайтанникова, П. Ат. Казакова ; 3 000 тир.
600 14 - Име на лице, използвано като предмет
За него / За нея Тачър, Маргарет
9 (RLIN) 128023
650 #4 - Допълнително описание по предмет – тема
Основно описание – тема или топоним Политици, английски - спомени
9 (RLIN) 251666
650 #4 - Допълнително описание по предмет – тема
Основно описание – тема или топоним Консервативни партии - Великобритания - дейци
9 (RLIN) 251667
650 #4 - Допълнително описание по предмет – тема
Основно описание – тема или топоним Великобритания - политика - спомени
9 (RLIN) 251668
651 #4 - Допълнително описание по предмет - топоним
Географско понятие Великобритания
9 (RLIN) 178698
700 1# - Други автори (авторска отговорност)
Лично име Славчева-Драгомирецкая, Бойка Цветанова
Автороска отговорност (Описва отношението между автора и произведението) прев. от англ.
9 (RLIN) 242485
700 1# - Други автори (авторска отговорност)
Лично име Петров, Милко Димитров
Автороска отговорност (Описва отношението между автора и произведението) предг. от
9 (RLIN) 251665
760 1# - Описание на основната серия
-- - на том(ч. 1)
Редна дума на основното описание Тачър, Маргарет
Място на издаване, издател и година Слънце, 1995
Страници - том 608 с.
Заглавие Ч. 1
852 ## - Местоположение
Форматна сигнатура Цб 182897
856 4# - Електронен адрес и достъп
Електронен формат pdf - файл
Път до файла /url/
856 4# - Електронен адрес и достъп
Електронен формат pdf - файл
Път до файла /url/
942 ## - АРТИКУЛИ
Вид на библиотечния материал Книги
Скрит в OPAC Не
Koha issues (borrowed), all copies 9
944 ## - СЪЗДАВАНЕ И РЕДАКЦИЯ на ЗАПИСА
Създаване/Редакция Създаване
Дата на регистрацията/редакция 15.01.2003
Служител, извършил регистрацията/редакцията 30545
Статус, дата на статуса Нора Радева
944 ## - СЪЗДАВАНЕ И РЕДАКЦИЯ на ЗАПИСА
Създаване/Редакция Редакция
Дата на регистрацията/редакция 01.07.2003
Служител, извършил регистрацията/редакцията
999 ## - СИСТЕМНИ КОНТРОЛНИ НОМЕРА
Koha biblionumber 6611
Koha biblioitemnumber 6611
Наличности
Код за отписване Код за изгубен артикул Източник на класификационната схема Код за повреда Коз за рестрикции Код за отдаване Артикулен № Име на библиотеката - собственик Име на библиотеката, в която се намира в момента Статус (Текущо местоположение) Дата на вписване в системата Местоположение - отдел Цена в лева Инвентарен номер Систематично азбучна сигнатура Баркод Номер на екземпляра Цена в евро Служебна бележка Служебен тип на артикула
  Не е изгубен Universal Decimal Classification Не е повреден без рестрикции ползва се в читалня 11509 Регионална библиотека "Любен Каравелов" Русе Регионална библиотека "Любен Каравелов" Русе Хранилище 1995-01-01 Хранилище 2.03 614075 Цб 182897 120000614075 1 1.04 Дост: Dp Вид: Д N: 27 Дата: 01.01.1995 Дата инв: 21.10.2014 Бележки инв: Цб2014 Книги
  Не е изгубен Universal Decimal Classification Не е повреден без рестрикции заемане за дома 11510 Регионална библиотека "Любен Каравелов" Русе Регионална библиотека "Любен Каравелов" Русе Заемна - подръчен фонд 1995-01-01 Заемна - подръчен фонд 2.03 612890 П 328(092)/Т 41 120000612890 2 1.04 Дост: Pk Вид: Ф N: стар фонд Дата: 01.01.1995 Дата инв: 02.02.2018 Бележки инв: П2018 Книги
Vip Innovations Ltd, Rousse, Bulgaria 2025